| 000 | 00879nam a2200253 a 4500 | ||
|---|---|---|---|
| 001 | 000025611 | ||
| 003 | DO-SdBNP | ||
| 005 | 20231009155721.0 | ||
| 008 | 110218nuuuuuuuusp a r 000 0 spa d | ||
| 020 | _a847461208X | ||
| 040 |
_aDO-SdBNP _bspa _cBNPHU |
||
| 049 | _aBNGR | ||
| 082 |
_a863.3 _bQ5h |
||
| 100 | 1 |
_aQuevedo, Francisco de, _d1580-1645 _96261 |
|
| 245 | 1 | 0 |
_aHistoria de la vida del buscón, llamado Don Pablos : _bejemplo de vagabundos y espejo de tacaños / _cFrancisco de Quevedo. |
| 260 |
_aMadrid : _bClub Internacional del Libro, _c[199?]. |
||
| 300 |
_a192 p. : _bil. ; _c21.5 cm. |
||
| 490 | 1 | _aGrandes genios de la literatura universal. | |
| 500 | _aIncluye notas al pie de las páginas. | ||
| 650 | 4 |
_aNovela española _91123 |
|
| 650 | 4 |
_aLiteratura española _9632 |
|
| 830 | 0 |
_aGrandes genios de la literatura universal. _97077 |
|
| 942 |
_2ddc _cLBS1 |
||
| 999 |
_c25103 _d25103 |
||